Uniknya iklim empat musim
| Main Author: | |
|---|---|
| Format: | Book |
| Published: |
Seri Kembangan, Selangor :
Content Plus Sdn. Bhd. ,
2020
|
| Series: | Siri ketakjuban fenomena alam
|
| Subjects: |
MARC
| LEADER | 00000cam a2200000 7i4500 | ||
|---|---|---|---|
| 001 | 0000278374 | ||
| 005 | 20201001105852.0 | ||
| 020 | |a 9789673564293 | ||
| 090 | 0 | 0 | |a 551 |b OMI |
| 100 | 0 | |a Omie ShaDylla Taib | |
| 245 | 1 | 0 | |a Uniknya iklim empat musim |c Omie ShaDylla Taib |
| 260 | |a Seri Kembangan, Selangor : |b Content Plus Sdn. Bhd. , |c 2020 | ||
| 300 | |a 36p. ; |c 29cm. | ||
| 490 | 0 | |a Siri ketakjuban fenomena alam | |
| 650 | 0 | |a Earth sciences |v Juvenile literature | |
| 650 | 0 | |a Geology |v Juvenile literature | |
| 999 | |a 00377349 |b BUKU |c JUNIOR BOOKS |e PERPUSTAKAAN KOMUNITI PETALING JAYA | ||